| 000 | 00596nam a2200217u 4500 | ||
|---|---|---|---|
| 001 | 32683 | ||
| 003 | BD-RjUL | ||
| 005 | 20211209051859.0 | ||
| 008 | 140428s1959 ua ac 000 0 eng | ||
| 035 | _a(BD-RjUL)32773 | ||
| 040 |
_aDLC _cCarP _dDLC _dBD-RjUL _beng |
||
| 041 | _aeng | ||
| 082 |
_a297 _bGAR 1959 |
||
| 100 | 1 |
_aGalwash, Ahmad A. _999415 |
|
| 245 | 0 | 4 |
_aThe religion of Islam : _ba standard book / _cby Ahmad A.Galwash. |
| 260 |
_aCairo _bImpr. Misr, _c1959. |
||
| 300 |
_a255 p. : _billus., port. ; _c24 cm. |
||
| 650 | 0 |
_aIslam. _999416 |
|
| 942 |
_2ddc _cBK |
||
| 999 |
_c32683 _d32683 |
||